| 000 | 00482nam a22001817a 4500 | ||
|---|---|---|---|
| 005 | 20230726123631.0 | ||
| 008 | 230726b |||||||| |||| 00| 0 eng d | ||
| 020 | _a9781784040000 | ||
| 082 |
_a741.2 _bBAR-I |
||
| 100 | _aBARBER,BARRINGTON | ||
| 245 |
_aIntroduction to DRAWING _bPractical easy steps to great artwork |
||
| 260 |
_aCHAINA _bARCTURUS _c2015 |
||
| 300 | _a127 | ||
| 500 | _aINCLUIDE INDEX | ||
| 650 | _aArchitecture | ||
| 700 | _aBARRINGTON BARBER | ||
| 999 |
_c33152 _d33152 |
||